书目信息 |
| 题名: |
绘图计算机辞典
|
|
| 作者: | 张钟俊 主编 | |
| 分册: | ||
| 出版信息: | 上海 上海辞书出版社 1991.12 |
|
| 页数: | 230页 | |
| 开本: | 32开 | |
| 丛书名: | ||
| 单 册: | ||
| 中图分类: | TP31-62 | |
| 科图分类: | ||
| 主题词: | 软件 | |
| 电子资源: | ||
| ISBN: | 7-5326-0192-7 | |
| 000 | 00550nam0 2200193 45 | |
| 001 | 0103061059 | |
| 005 | 20010306101348.6 | |
| 010 | @a7-5326-0192-7@d8.20元 | |
| 100 | @a20010306d1991 km y0chiy0120 ea | |
| 101 | 0 | @achi |
| 105 | @a z 000yy | |
| 200 | 1 | @a绘图计算机辞典@AHui Tu Ji Suan Ji Ci Dian@f张钟俊主编@FZhang Zhong Jun Zhu Bian |
| 210 | @a上海@c上海辞书出版社@d1991.12 | |
| 215 | @a230页@d32开 | |
| 606 | 0 | @a软件 |
| 690 | @aTP31-62@v3 | |
| 701 | 0 | @a张钟俊@4主编 |
| 801 | @aCN@bPftUser@c20010306 | |
| 905 | @b326129-133@dTP31-62@eZH363@f5 | |
| 绘图计算机辞典/张钟俊主编.-上海:上海辞书出版社,1991.12 |
| 230页;32开 |
| ISBN 7-5326-0192-7:8.20元 |
| ● |
| 相关链接 |
|
|
|
正题名:绘图计算机辞典
索取号:TP31-62/ZH363
 
预约/预借
| 序号 | 登录号 | 条形码 | 馆藏地/架位号 | 状态 | 备注 |
| 1 | 326129 | 203261291 | 自科二线404/404自科库 18排1列4层/ [索取号:TP31-62/ZH363] | 在馆 | |
| 2 | 326130 | 203261308 | 自科库301/301自科库 46排7列5层/ [索取号:TP31-62/ZH363] | 在馆 | |
| 3 | 326131 | 203261317 | 自科库301/301自科库 46排7列5层/ [索取号:TP31-62/ZH363] | 在馆 | |
| 4 | 326132 | 203261326 | 自科二线400A/400A自科库 1排1列5层/ [索取号:TP31-62/ZH363] | 在馆 | |
| 5 | 326133 | 203261335 | 自科二线404/301自科库 102排6列6层/ [索取号:TP31-62/ZH363] | 在馆 |